Fraude de seguros: cuestiones penales y de técnica legislativa
Kaydedildi:
| Yazar: | |
|---|---|
| Materyal Türü: | Kitap |
| Dil: | İspanyolca |
| Baskı/Yayın Bilgisi: |
Santiago
Jurídica de Chile
2006
|
| Edisyon: | 1a. ed |
| Konular: | |
| Etiketler: |
Etiketle
Etiket eklenmemiş, İlk siz ekleyin!
|
MARC
| LEADER | 00000nam a2200000 a 4500 | ||
|---|---|---|---|
| 001 | UCI0110 | ||
| 003 | CL-VaPUC | ||
| 008 | 070420e20061100CL |||||||||||||||||spa|d | ||
| 020 | |a 9561017342 | ||
| 082 | 0 | 4 | |a 364.163 |b PIÑ |2 21 |
| 100 | 0 | |a Piña Rochefort, Juan Ignacio |e author |9 520222 | |
| 245 | 1 | 0 | |a Fraude de seguros: cuestiones penales y de técnica legislativa |
| 250 | |a 1a. ed | ||
| 300 | |a 207 p | ||
| 942 | |c BK | ||
| 945 | |d 20070420 00:00:00 |a lvergara | ||
| 260 | |a Santiago |b Jurídica de Chile |c 2006 | ||
| 650 | 7 | |a FRAUDE DERECHO Y LEGISLACION |2 CL-VaPUC |9 433990 | |
| 650 | 7 | |a FRAUDE CIVIL |2 CL-VaPUC |9 368489 | |
| 650 | 0 | |a Delitos |9 224143 | |
| 650 | 7 | |a DERECHO PENAL |2 CL-VaPUC |9 11 | |
| 650 | 7 | |a FRAUDE |2 CL-VaPUC |9 258623 | |
| 650 | 7 | |a DEFRAUDACIONES |2 CL-VaPUC |9 383299 | |
| 583 | |a last modification |c 20130304 02:56:18 |k Rodrigo Vera | ||
| 999 | |c 325398 |d 325396 | ||
| 952 | |0 0 |1 0 |4 0 |6 364_163000000000000_PIÑ_2006 |7 0 |8 A |9 406260 |a BIBDER |b BIBDER |d 2019-11-22 |i 4330447 |l 1 |m 5 |o 364.163 PIÑ 2006 |p 4330447 |q 2025-12-31 |r 2020-03-04 |s 2020-03-04 |w 2019-11-22 |y BK |k DER | ||